000 00228nam a2200097Ia 4500
008 190216s9999||||xx |||||||||||||| ||und||
100 _aCherukad
245 0 _aMalayalam-Jeevithapatha
260 _bShakthi Publication
942 _cBK
999 _c30275
_d30275